| 000 | 01191nam a2200217 i 4500 | ||
|---|---|---|---|
| 001 | 158433 | ||
| 003 | ES-MaACL | ||
| 005 | 20250826151005.0 | ||
| 008 | 990308s1886 sp abf |||| | spa d | ||
| 040 |
_aCCPB | B _bspa _cCCPB | B |
||
| 100 | 1 |
_aMadariaga y Suárez, Juan de, _d1856-1936 _975299 |
|
| 245 | 1 | 0 |
_aVida y escritos del Marqués de Santa Cruz de Marcenado / _cpor Juan de Madariaga y Suárez. |
| 260 |
_aMadrid : _b[s.n.], _c1886 ( _fEstablecimiento tipográfico de Enrique Rubiños) |
||
| 300 |
_a717, [1] p., [1] h. de lám., [1] h. de lám. pleg., [2] h. de plan. pleg. ; _c29 cm. |
||
| 500 | _aPrimer premio en el certamen convocado por la Junta directiva del Segundo Centenario del Marqués de Santa Cruz de Marcenado en 1885. | ||
| 596 | _aMarca tip. en port. | ||
| 599 | _aLas h. de grab. son litogr., árbol genealógico y escudo de armas de los Navia-Osorios y firma, rúbrica y medallas del Marqués de Santa Cruz del Marcenado. Las h. de plano son litogr., de Barcelona y Orán. | ||
| 600 | 1 | 7 |
_aSanta Cruz de Marcenado, Alvaro Navia Ossorio, _cMarqués de- _xBiografías _2 _9132422 |
| 852 |
_aES-MaACL _jF-14 _z-- Enc. pasta |
||
| 999 |
_c158433 _d158433 |
||